Penze: kvantitativní přístup

Salvato in:
Dettagli Bibliografici
Autore principale: Cipra, Tomáš
Natura: Libro
Lingua:ceco
Pubblicazione: Praha Ekopress 2012
Edizione:1. vydání
Soggetti:
Tags: Aggiungi Tag
Nessun Tag, puoi essere il primo ad aggiungerne!!

MARC

LEADER 00000nam a2200000 4500
001 0248797
005 20230109114744.1
020 |a 978-80-86929-87-3 
041 0 |a cze 
044 |a CZ 
245 1 0 |a Penze: kvantitativní přístup  |c Tomáš Cipra 
250 |a 1. vydání 
264 1 |a Praha  |b Ekopress  |c 2012 
300 |a 409 s. 
610 2 0 |a penzie 
610 2 0 |a dôchodky 
610 2 0 |a zabezpečenie dôchodkové 
610 2 0 |a systémy dôchodkové 
610 2 0 |a plánovanie 
610 2 0 |a nástroje finančné 
610 2 0 |a modelovanie finančné 
610 2 0 |a modelovanie ekonometrické 
610 2 0 |a demografia 
610 2 0 |a financovanie 
610 2 0 |a dopyt 
610 2 0 |a úžitok 
610 2 0 |a vek 
610 2 0 |a riadenie rizík 
610 2 0 |a poistenie dôchodkové 
610 2 0 |a reformy dôchodkové 
610 2 0 |a Česko 
100 1 |a Cipra, Tomáš